Vybrané demografické ukazovatele Slovenska od roku 1990 bakalárska práca

Gespeichert in:
Bibliographische Detailangaben
1. Verfasser: Lakatoš, Ján
Körperschaft: Fakulta hospodárskej informatiky EU. Katedra štatistiky
Weitere Verfasser: Sivašová, Daniela, 1955-
Format: Buch
Sprache:Slowakisch
Veröffentlicht: Bratislava 2018
Tags: Tag hinzufügen
Keine Tags, Fügen Sie das erste Tag hinzu!

MARC

LEADER 00000nbm a2200000 4500
001 0247364
005 20181010083628.2
041 0 |a slo 
044 |a SK 
245 1 0 |a Vybrané demografické ukazovatele Slovenska od roku 1990  |b bakalárska práca  |c Ján Lakatoš ; školiteľ: Daniela Sivašová 
264 1 |a Bratislava  |c 2018 
300 |a 42 s. 
100 1 |a Lakatoš, Ján 
700 1 |a Sivašová, Daniela, 1955- 
710 2 |a Fakulta hospodárskej informatiky EU. Katedra štatistiky